[Event "Fredrikstad CC-ch"]
[Site "Fredrikstad"]
[Date "2002.05.29"]
[Round "7"]
[White "Kristiansen, Roy Freddy"]
[Black "Grundekjon, Fredrik S"]
[Result "0-1"]
[WhiteElo "1037"]
[BlackElo "848"]
[PlyCount "72"]
[EventDate "2002.01.??"]
[EventType "swiss"]
[EventRounds "11"]
[EventCountry "NOR"]
[SourceTitle "EXT 2005"]
[Source "ChessBase"]
[SourceDate "2004.11.15"]
[SourceVersion "1"]
[SourceVersionDate "2004.11.15"]
[SourceQuality "1"]

1. e4 e5 2. Bc4 Nf6 3. d3 Nc6 4. Nf3 Bc5 5. h3 0-0 6. c3 d6 7. b4 Bb6 8. 0-0 Qe7 9. Ng5 h6 10. Nf3 Be6 11. Bb5 a6 12. Ba4 d5 13. Bxc6 bxc6 14. Nxe5 Qd6 15. Bf4 dxe4 16. Ng6 Qxd3 17. Nxf8 Qxd1 18. Rxd1 Rxf8 19. a4 Nd5 20. Be5 f6 21. Bd4 Kf7 22. Ra2 Ne3 23. Bxe3 Bxa2 24. Nd2 Bxe3 25. fxe3 Rd8 26. c4 Bb3 27. Rb1 Bc2 28. Rb2 Rxd2 29. Kh2 Kg6 30. Kg3 Kg5 31. b5 cxb5 32. cxb5 a5 33. h4+ Kf5 34. Kh3 Re2 35. g3 g5 36. b6 g4# 0-1

[Event "Fredrikstad op"]
[Site "Fredrikstad"]
[Date "2001.10.31"]
[Round "7"]
[White "Grundekjon, Fredrik S"]
[Black "Larsen, Gerry"]
[Result "1-0"]
[WhiteElo "706"]
[BlackElo "932"]
[PlyCount "136"]
[EventDate "2001.08.??"]
[EventType "swiss"]
[EventRounds "9"]
[EventCountry "NOR"]
[SourceTitle "EXT 2005"]
[Source "ChessBase"]
[SourceDate "2004.11.15"]
[SourceVersion "1"]
[SourceVersionDate "2004.11.15"]
[SourceQuality "1"]

1. d4 Nf6 2. Nf3 e6 3. c4 d5 4. cxd5 exd5 5. Nc3 b6 6. Bf4 Ba6 7. Qa4+ Qd7 8. Qxd7+ Kxd7 9. Ng5 Bb4 10. a3 Bxc3+ 11. bxc3 Rf8 12. Be5 h6 13. Bxf6 gxf6 14. Nh7 Rh8 15. Nxf6+ Ke6 16. Ng4 h5 17. Ne3 f5 18. g3 Nd7 19. Bg2 c6 20. Bf3 Raf8 21. Ng2 Kd6 22. Nf4 Rh6 23. Nxh5 Rfh8 24. Ng7 Rf6 25. 0-0 Rf7 26. Nh5 Rfh7 27. Rfe1 Rxh5 28. Bxh5 Rxh5 29. h4 Nf6 30. f3 f4 31. Kg2 fxg3 32. Kxg3 Rh7 33. Kf4 Nh5+ 34. Kg5 Ke7 35. e4 Kf7 36. exd5 cxd5 37. Re5 Nf6 38. Rf5 Rg7+ 39. Kf4 Bc8 40. Rg5 Rh7 41. Rh1 b5 42. Ke5 Ke7 43. Rhg1 Rf7 44. Rg7 Be6 45. Rxf7+ Bxf7 46. Rb1 Nd7+ 47. Kf4 a6 48. Kg5 Nb6 49. h5 Kf8 50. h6 Kg8 51. Rg1 Kh7 52. f4 Nc4 53. Re1 Nd2 54. Re7 Ne4+ 55. Kf5 Nd6+ 56. Kf6 Ne4+ 57. Kxf7 Kxh6 58. Re6+ Kh5 59. Re5+ Kg4 60. Rxd5 Nxc3 61. Rc5 Ne2 62. f5 Nxd4 63. f6 a5 64. Ke8 b4 65. axb4 axb4 66. Rc4 Kf5 67. Rxd4 Kxf6 68. Rxb4 Ke5 1-0